Latin Vocabulary 2 Quiz Stats

 Plays Quiz not verified by Sporcle

Support Sporcle.
Go Orange.
Score 0/50 Timer 10:00
0 Plays Today
Latin: Spanish: % Correct
rosarosa
100%
fortunafortuna
100%
estes
100%
stellaestrella
100%
spectarever
100%
aquaagua
75%
prudentiaprudencia
75%
victoriavictoria
75%
terratierra
75%
habitarevivir
75%
bonusbueno
75%
sumsoy
75%
sumussomos
75%
reginareina
75%
rexrey
75%
vitavida
75%
sempersiempre
75%
amareamar
75%
amicusamigo
75%
liberlibro
75%
malusmalo
75%
dominusSeñor
50%
daredar
50%
agricolaagricultor
50%
saepea menudo
50%
Latin: Spanish: % Correct
magnagran
50%
nampues
50%
eseres
50%
estissois
50%
suntson
50%
albablanco
50%
aeternaeterno
50%
multusmucho
50%
verusverdad
50%
agercampo
50%
campuscampo
50%
muropared
50%
altaalto
50%
laudarealabar
50%
incolaresidente
25%
patriapaís
25%
timeretener miedo
25%
ferasalvaje
25%
antiquusantigua
25%
sacer/sacrasagrado
25%
servuscriado
25%
hortushuerto
25%
gladiusespada
25%
discipilusdiscípulo
25%
populuspersonas
25%

You're not logged in!

Compare scores with friends on all Sporcle quizzes.
OR
Log In

From the Vault

Keep Your Hair On

by shirleyalpha

There're some hairy questions here....
Remove Ads.
Support Sporcle.
Get the best of Sporcle when you Go Orange. This ad-free experience offers more features, more stats, and more fun while also helping to support Sporcle. Thank you for becoming a member.

Show Comments

Extras

Top Quizzes Today


Score Distribution

Your Account Isn't Verified!

In order to create a playlist on Sporcle, you need to verify the email address you used during registration. Go to your Sporcle Settings to finish the process.

Report this User

Report this user for behavior that violates our Community Guidelines.

Details: